Tous les Pokémon de type Glace - Statistiques

Statistiques générales
  • Ce quiz a été pris 12 fois
  • Le résultat moyen est 40 sur 66
Statistiques - réponses
Génération Pokémon Autre Type % Correct
Première Artikodin Vol
91%
Septième Feunard d'Alola Fée
91%
Septième Goupix d'Alola Fée
91%
Première Lamantine Eau
91%
Première Lokhlass Eau
91%
Cinquième Polarhume
91%
Deuxième Cochignon Sol
82%
Quatrième Givrali
82%
Cinquième Hexagel
82%
Deuxième Lippouti Psy
82%
Première Lippoutou Psy
82%
Quatrième Mammochon Sol
82%
Deuxième Marcacrin Sol
82%
Cinquième Polagriffe
82%
Septième Sabelette d'Alola Acier
82%
Septième Sablaireau d'Alola Acier
82%
Quatrième Blizzaroi Plante
73%
Quatrième Blizzi Plante
73%
Quatrième Dimoret Ténèbres
73%
Deuxième Farfuret Ténèbres
73%
Troisième Kaimorse Eau
73%
Quatrième Momartik Spectre
73%
Troisième Obalie Eau
73%
Troisième Oniglali
73%
Troisième Phogleur Eau
73%
Cinquième Sorbébé
73%
Cinquième Sorbouboul
73%
Troisième Stalgamin
73%
Deuxième Cadoizo Vol
64%
Septième Crabominable Combat
64%
Sixième Grelaçon
64%
Cinquième Kyurem Dragon
64%
Quatrième Méga-Blizzaroi Plante
64%
Sixième Séracrawl
64%
Sixième Amagara Roche
55%
Huitième Beldeneige Insect
55%
Première Crustabri Eau
55%
Sixième Dragmara Roche
55%
Huitième Frissonille Insect
55%
Huitième Galvagla Electrik
55%
Huitième Hydragla Eau
55%
Cinquième Kyurem Blanc Dragon
55%
Cinquième Kyurem Noir Dragon
55%
Troisième Méga-Oniglali
55%
Huitième M. Glaquette Psy
55%
Huitième M. Mime de Galar Psy
55%
Troisième Regice
55%
Cinquième Sorboul
55%
Neuvième Baojian Ténèbres
45%
Huitième Békaglaçon
45%
Huitième Darumacho de Galar
45%
Huitième Darumarond de Galar
45%
Neuvième Frigodo Dragon
45%
Neuvième Glaivodo Dragon
45%
Huitième Séracrawl de Hisui Roche
45%
Quatrième Arceus Glace
36%
Huitième Blizzeval
36%
Huitième Darumacho de Galar mode Transe Feu
36%
Neuvième Hotte-de-Fer Eau
36%
Quatrième Motisma Froid Electrik
36%
Septième Silvallié Glace
36%
Neuvième Balbalèze
27%
Neuvième Cryodo Dragon
27%
Neuvième Piétacé
27%
Troisième Morphéo forme Blizzard
18%
Huitième Sylveroy Cavalier du Froid Psy
18%
Aucun quiz correspondant
Distribution des résultats
% des personnes avec chaque résultat
Percentile par nombre de réponses
Votre historique - résultats
Vous n’avez pas pris ce quiz